| 000 | 00400nam a2200145Ia 4500 | ||
|---|---|---|---|
| 008 | 230312s9999||||xx |||||||||||||| ||und|| | ||
| 020 | _a978-969-417-128 | ||
| 082 |
_a379.15 _bQUA |
||
| 245 | 0 | _aQuality Assurance in Higher Education | |
| 260 |
_bHigher Education _aIslamabad _c2008 |
||
| 300 | _a204 | ||
| 546 | _aEng. | ||
| 650 |
_aManagement _vIntroduction , Licensing , Lesson Learned |
||
| 942 | _cBK | ||
| 999 |
_c1944 _d1944 |
||